000 02593nam2a2200265 4500
001 RU\NLR\BIBL_A\022160637
005 20260408204718.0
035 _a(NLR Aleph) 022160637
090 _a12920774
_c12920774
100 _a20240311d2021 |||y0rusy50 ca
101 0 _arus
102 _aRU
200 1 _aМатериалы XII Всероссийской научно-практической конференции с международным участием "Социум. Культура. Личность. Досуг: творчество и коммуникации в культурной среде", [18-19 ноября 2021 г., г. Тюмень]
210 _d2021
_aБ. м.
461 0 _1001RU\NLR\Per\1208369
_12001#$aВестник Тюменского государственного института культуры$dHerald of Tyumen state institute of culture$eнаучный журнал$fФедерал. гос. бюджет. образоват. учреждение высш. образования "Тюмен. гос. ин-т культуры"$zeng$v2021, вып. 4 (22)
_911359795
_aТюменский государственный институт культуры
_cТюмень
_d2015 -
_fФедерал. гос. бюджет. образоват. учреждение высш. образования "Тюмен. гос. ин-т культуры"
_lHerald of Tyumen state institute of culture
_nРедакционно-издательский центр Тюменского государственного института культуры
_oнаучный журнал
_tВестник Тюменского государственного института культуры
_x2413-7898
_v2021, вып. 4 (22)
606 1 _aКультурно-досуговая деятельность
_jСъезды, совещания и т.п
_yТюменская область
_92583326
_3RU\NLR\AUTH\6601737461
606 _aТуризм
_yТюменская область
_jСъезды, совещания и т.п
_3RU\NLR\AUTH\661580723
_92113819
686 1 _aЧ714(2Р-6Тю)я431
686 1 _aЧ518.14(2Р-4Тю)я431
710 1 2 _a"Социум. Культура. Личность. Досуг: творчество и коммуникации в культурной среде", всероссийская научно-практическая конференция с международным участием
_d12
_eТюмень
_f2021
_9877571
_3RU\NLR\AUTH\880605720
852 _aNLR
_jП29/1953
942 _cISSUE
980 _aNB
980 _aRUSPER